ბათუმის შოთა რუსთაველის სახელმწიფო უნივერსიტეტის ბიბლიოთეკა

Курс высшей математики. (ბიბ.ჩანაწერი № 38922)

000 -LEADER
fixed length control field 00771nam a2200229Ia 4500
001 - CONTROL NUMBER
control field 5345
003 - CONTROL NUMBER IDENTIFIER
control field GE_BSU
008 - FIXED-LENGTH DATA ELEMENTS--GENERAL INFORMATION
fixed length control field 181216s||||||||xx |||||||||||||| ||und||
040 ## - CATALOGING SOURCE
Transcribing agency GE_BSU
080 ## - UNIVERSAL DECIMAL CLASSIFICATION NUMBER
Universal Decimal Classification number 517(075.8)+512.64(075.8)
100 ## - MAIN ENTRY--PERSONAL NAME
Personal name Глаголев А.А. Солнцева Т.В.
245 ## - TITLE STATEMENT
Title Курс высшей математики.
245 ## - TITLE STATEMENT
Remainder of title Изд. 2-Е, перер. и доп. Учеб. пособие для студ. экономических специальн. вузов
260 ## - PUBLICATION, DISTRIBUTION, ETC.
Place of publication, distribution, etc. Москва
260 ## - PUBLICATION, DISTRIBUTION, ETC.
Name of publisher, distributor, etc. Высшая школа
260 ## - PUBLICATION, DISTRIBUTION, ETC.
Date of publication, distribution, etc. 1971
300 ## - PHYSICAL DESCRIPTION
Extent 656 с. 22 см.
653 ## - INDEX TERM--UNCONTROLLED
Uncontrolled term Курс высшей математики.
653 ## - INDEX TERM--UNCONTROLLED
Uncontrolled term Математика
653 ## - INDEX TERM--UNCONTROLLED
Uncontrolled term მათემატიკა
942 ## - ADDED ENTRY ELEMENTS (KOHA)
Koha item type წიგნი
ეგზემპლარები
Withdrawn status Lost status Damaged status Not for loan Date acquired Barcode Date last seen Price effective from Koha item type Public note
        2018-12-17 16411 2018-12-17 2018-12-17 წიგნი დარბაზი